Mikor lesz béke

Elmentve itt :
Bibliográfiai részletek
Szerző: FODOR Sándor
Adatforrás:Meister
Forrásdokumentuma:A Hét. -
4 sz., 1996, 1 p.
Nyelv:magyar
Kulcsszavak:politikai publicisztika
jugoszláv válság
LEADER 00345nab a2200133 i 4500
001 bibPRO00005978
008 060524s1996 xx hun
040 |a Sz1 
041 |a hun 
100 1 |a FODOR Sándor 
245 1 0 |a Mikor lesz béke  |c FODOR Sándor 
695 |a politikai publicisztika 
695 |a jugoszláv válság 
773 0 |t A Hét. -  |g 4 sz., 1996, 1 p.